Every Song by the Struts - Statistics

General Stats
  • This quiz has been taken 5 times
    2 since last reset
  • The average score is 21 of 64
Answer Stats
Album Song % Correct
Everybody Wants(2014) Could Have Been Me
100%
Everybody Wants(2014) Kiss This
100%
Pretty Vicious(2023) Pretty Vicious
100%
Strange Days(2020) Strange Days
100%
YOUNG&DANGEROUS(2018) Ashes (Part 2)
50%
Pretty Vicious(2023) Bad Decisions
50%
Pretty Vicious(2023) Better Love
50%
Everybody Wants(2014) Black Swan
50%
YOUNG&DANGEROUS(2018) Body Talks
50%
YOUNG&DANGEROUS(2018) Body Talks
50%
YOUNG&DANGEROUS(2018) Bulletproof Baby
50%
Everybody Wants(2014) Dirty Sexy Money
50%
Unplugged at East West(2023) Fallin' with Me
50%
YOUNG&DANGEROUS(2018) Fire (Part 1)
50%
Pretty Vicious(2023) Gimme Some Blood
50%
Pretty Vicious(2023) Hands on Me
50%
Non-Album(2024) Heaven's Got Nothing On You
50%
YOUNG&DANGEROUS(2018) I Do It So Well
50%
Strange Days(2020) I Hate How Much I Want You
50%
Pretty Vicious(2023) I Won't Run
50%
Everybody Wants(Bonus)(2016) Mary Go Round
50%
Everybody Wants(2014) My Machine
50%
Everybody Wants(Bonus)(2016) Only Just a Call Away
50%
Everybody Wants(Bonus)(2017) Put Your Hands Up
50%
Everybody Wants(2014) Put Your Money on Me
50%
Pretty Vicious(2023) Remember the Name
50%
Pretty Vicious(2023) Rockstar
50%
Everybody Wants(2014) Roll Up
50%
Everybody Wants(2014) She Makes Me Feel
50%
Pretty Vicious(2023) Somebody Someday
50%
Unplugged at East West(2023) Stranger in Moscow
50%
Unplugged at East West(2023) Supersonic
50%
YOUNG&DANGEROUS(2018) Tatler Magazine
50%
Everybody Wants(Bonus)(2016) The Ol' Switcheroo
50%
Everybody Wants(Bonus)(2016) These Times Are Changing
50%
Pretty Vicious(2023) Too Good at Raising Hell
50%
Strange Days(2020) Wild Child
50%
Everybody Wants(2014) You & I
50%
YOUNG&DANGEROUS(Bonus)(2018) 21st Century Dandy
0%
Strange Days(2020) All Dressed Up
0%
Strange Days(2020) Am I Talking to the Champagne
0%
Strange Days(2020) Another Hit of Showmanship
0%
Strange Days(2020) Burn It Down
0%
Strange Days(2020) Can't Sleep
0%
Strange Days(2020) Cool
0%
Non-Album(2019) Dancing in the Street
0%
Kiss This(2014) Doin' Time
0%
Pretty Vicious(2023) Do Want You Want
0%
Strange Days(2020) Do You Love Me
0%
YOUNG&DANGEROUS(2018) Freak Like You
0%
Non-Album(2024) How Can I Love You? (Without Breaking Your Heart)
0%
Non-Album(2012) I Just Know
0%
YOUNG&DANGEROUS(2018) In Love with a Camera
0%
Everybody Wants(2014) Let's Make This Happen Tonight
0%
Non-Album(2021) Low Key in Love
0%
Kiss This(2014) Matter of Time
0%
YOUNG&DANGEROUS(Bonus)(2018) One Night Only
0%
Non-Album(2019) Pegasus Seiya
0%
YOUNG&DANGEROUS(2018) People
0%
YOUNG&DANGEROUS(2018) Primadonna Like Me
0%
YOUNG&DANGEROUS(2018) Somebody New
0%
Everybody Wants(2014) Where Did She Go
0%
YOUNG&DANGEROUS(2018) Who Am I?
0%
Everybody Wants(Bonus)(2016) Young Stars
0%
No matching quizzes found
Score Distribution
Percent of People with Each Score
Percentile by Number Answered
Your Score History
You have not taken this quiz since the last reset